00470 2200169 4500001002100000005001500021035002000036245006400056100002200120250001700142300002800159260003900187082001100226084001700237020002200254650002400276INLIS00000000000029420240601084918 a0010-06240000031 aEnsiklopedia Percobaan Sains :bMagnet /cTim Doenia Aksara0 aTim Doenia Aksara acetakan ke-1 a56 hlm :bilus ;c25 cm aBekasi :bUranus Publishing,c2011 a530.03 a530.03 TIM e a978-602-863-755-8 4aEnsiklopedia, Sains